Designing Network Security (Record no. 23340)
[ view plain ]
| 000 -LEADER | |
|---|---|
| fixed length control field | 00237nam a22000977a 4500 |
| 008 - FIXED-LENGTH DATA ELEMENTS--GENERAL INFORMATION | |
| fixed length control field | 130410b xxu||||| |||| 00| 0 eng d |
| 020 ## - INTERNATIONAL STANDARD BOOK NUMBER | |
| Terms of availability | Avalable |
| 082 ## - DEWEY DECIMAL CLASSIFICATION NUMBER | |
| Classification number | 005.8KAE |
| 245 ## - TITLE STATEMENT | |
| Title | Designing Network Security |
| Statement of responsibility, etc. | Kaeo, Merike |
| 250 ## - EDITION STATEMENT | |
| Edition statement | 2nd Ed |
| Withdrawn status | Lost status | Source of classification or shelving scheme | Damaged status | Not for loan | Permanent Location | Current Location | Shelving location | Date acquired | Full call number | Barcode | Date last seen | Price effective from | Koha item type |
|---|---|---|---|---|---|---|---|---|---|---|---|---|---|
| NUST Baluchistan Campus (NBC) | NUST Baluchistan Campus (NBC) | General Stacks | 04/10/2013 | 005.8KAE | RCMS000052 | 04/10/2013 | 04/10/2013 | Book | |||||
| NUST Baluchistan Campus (NBC) | NUST Baluchistan Campus (NBC) | General Stacks | 07/18/2014 | 005.8KAE | RCMS000285 | 07/18/2014 | 07/18/2014 | Book |
